Contractor's all risks insurance (Record no. 79235)

MARC details
000 -LEADER
fixed length control field 01396cad a22002415a 4500
001 - CONTROL NUMBER
control field L140209
008 - FIXED-LENGTH DATA ELEMENTS--GENERAL INFORMATION
fixed length control field 070912e20070704xxk f 000 0 eng d
035 ## - SYSTEM CONTROL NUMBER
System control number (Sirsi) u140209
041 0# - LANGUAGE CODE
Language code of text/sound track or separate title eng
100 1# - MAIN ENTRY--PERSONAL NAME
Personal name Gibson, Cheryl
245 00 - TITLE STATEMENT
Title Contractor's all risks insurance
Remainder of title fortuity revisited
Medium [electronic resource]
260 ## - PUBLICATION, DISTRIBUTION, ETC.
Date of publication, distribution, etc. 2007
490 #0 - SERIES STATEMENT
Series statement RICS Feature
Volume/sequential designation 4 July 2007
520 ## - SUMMARY, ETC.
Summary, etc. Discusses "CA Blackwell v Gerling Allegemeine Verischerungs AG" ([2007] EOHC 94 (Comn), unreported) which considered whether a contractor was covered under a Contractor's All Risks (CAR) insurance policy when rain caused damage to its earth moving works. The insurer claimed the damage was inevitable and the loss resulted from wilful misconduct. However, while the contractor may have been negligent, it had not been reckless and the damage was covered by the CAR. In addition, an element of fortuity existed which meant the damage was not inevitable.
590 ## - LOCAL NOTE (RLIN)
Local note KA
650 24 - SUBJECT ADDED ENTRY--TOPICAL TERM
Topical term or geographic name entry element CA BLACKWELL V GERLING ALLEGEMEINE VERISCHERUNGS AG
650 24 - SUBJECT ADDED ENTRY--TOPICAL TERM
Topical term or geographic name entry element CONTRACTORS ALL RISKS INSURANCE
651 #4 - SUBJECT ADDED ENTRY--GEOGRAPHIC NAME
Geographic name England and Wales
Chronological subdivision 1543-
690 ## - LOCAL SUBJECT ADDED ENTRY--TOPICAL TERM (OCLC, RLIN)
Topical term or geographic name as entry element BUILT ENVIRONMENT-CONSTRUCTION MANAGEMENT-BUILDING CONTRACT ADMINISTRATION
710 2# - ADDED ENTRY--CORPORATE NAME
Corporate name or jurisdiction name as entry element Cameron McKenna
9 (RLIN) 3669
856 40 - ELECTRONIC LOCATION AND ACCESS
Uniform Resource Identifier <a href="https://www.rics.org/RICSWEB/getpage.aspx?p=QIhmZd8NLEWASk7dk1pMqQ">https://www.rics.org/RICSWEB/getpage.aspx?p=QIhmZd8NLEWASk7dk1pMqQ</a>
Public note View the article free of charge at www.rics.org...
942 ## - ADDED ENTRY ELEMENTS (KOHA)
Suppress in OPAC 0
Holdings
Withdrawn status Lost status Source of classification or shelving scheme Damaged status Not for loan Home library Current library Shelving location Date acquired Total Checkouts Full call number Barcode Date last seen Copy number Price effective from Koha item type
    Dewey Decimal Classification     Virtual Virtual Online 12/09/2007   ONLINE PUBLICATION 140209-2001 06/08/2019 1 06/08/2019 Journal article